| 000 | 00457nam a2200181Ia 4500 | ||
|---|---|---|---|
| 008 | 230524s9999 xx 000 0 und d | ||
| 020 | _a9789393159434 | ||
| 082 | _bKOT | ||
| 100 |
_aC P Kothandaraman _945113 |
||
| 245 | 0 | _aHeat and Mass Transfer Data Book | |
| 250 | _a1 | ||
| 260 |
_aNew Delhi _bNew Age Int. _c2022 |
||
| 300 | _a"x,211p;" | ||
| 500 | _aQuantity Number: 1 | ||
| 650 | _aElectrical | ||
| 700 |
_aS Subramanyan _945114 |
||
| 942 | _cBK | ||
| 999 |
_c60728 _d60728 |
||